Detroit Pistons Head Coaches by Picture - Statistics

General Stats
  • This quiz has been taken 19 times
    5 since last reset
  • The average score is 9 of 37
Answer Stats
Picture Hint Answer % Correct
2018-2023 Dwane Casey
100%
2024-Present J.B. Bickerstaff
100%
2023-2024 Monty Williams
100%
2014-2018 Stan Van Gundy
100%
1983-1992 Chuck Daly
75%
2005-2008 Flip Saunders
75%
1976-1977 Herb Brown
75%
2003-2005 Larry Brown
75%
2001-2003 Rick Carlisle
75%
1998-2000 Alvin Gentry
50%
1972-1976 Ray Scott
50%
2013-2014 Maurice Cheeks
25%
1977-1978 Bob Kauffman
0%
1969-1971 Butch van Breda Kolff
0%
1963-1964 Charles Wolf
0%
1954-1957 Charley Eckman
0%
1948-1949 Curly Armstrong
0%
1964-1967 Dave DeBusschere
0%
1959-1963 Dick McGuire
0%
1978-1979 Dick Vitale
0%
1993-1995 Don Chaney
0%
1967-1968 Donnis Butcher
0%
1995-1998 Doug Collins
0%
1971-1972 Earl Lloyd
0%
2000-2001 George Irvine
0%
2009-2011 John Kuester
0%
2014 John Loyer
0%
2011-2013 Lawrence Frank
0%
2008-2009 Michael Curry
0%
1949-1951 Murray Mendenhall
0%
1951-1954 Paul Birch
0%
1968-1969 Paul Seymour
0%
1957-1960 Red Rocha
0%
1979-1980 Richie Adubato
0%
1992-1993 Ron Rothstein
0%
1980-1983 Scotty Robertson
0%
1971 Terry Dischinger
0%
No matching quizzes found
Score Distribution
Percent of People with Each Score
Percentile by Number Answered
Your Score History
You have not taken this quiz since the last reset